00521nam a22001457a 4500008004100000082001500041100003800056245009400094260004300188300000900231440001400240942001200254999001500266952009400281230621b xxu||||| |||| 00| 0 eng d a328.4bSOC cR.W. Perceval and C.A.S.S. Gordon aThe Table bThe Journal of the Society of Clerks-at-the-table in Commonwealth Parliaments aLondonbCommonwealth Parliamentsc1959 a203p vvolume 27 2ddccBK c2196d2196 00102ddc4070a002b002d2023-06-21l0o328.4 SOCp10008814r2023-06-21w2023-06-21yBK